MARC details
| 000 -LEADER |
| fixed length control field |
01995cam a2200493Ia 4500 |
| 001 - CONTROL NUMBER |
| control field |
ocn262883828 |
| 003 - CONTROL NUMBER IDENTIFIER |
| control field |
OCoLC |
| 005 - DATE AND TIME OF LATEST TRANSACTION |
| control field |
20250311133301.0 |
| 008 - FIXED-LENGTH DATA ELEMENTS--GENERAL INFORMATION |
| fixed length control field |
081020s2009 nyu c 000 1 eng d |
| 020 ## - INTERNATIONAL STANDARD BOOK NUMBER |
| International Standard Book Number |
9781423116387 |
| 020 ## - INTERNATIONAL STANDARD BOOK NUMBER |
| International Standard Book Number |
1423116380 |
| 029 1# - (OCLC) |
| OCLC library identifier |
NZ1 |
| System control number |
12900355 |
| 035 ## - SYSTEM CONTROL NUMBER |
| System control number |
(OCoLC)262883828 |
| 040 ## - CATALOGING SOURCE |
| Original cataloging agency |
BTCTA |
| Transcribing agency |
BTCTA |
| Modifying agency |
DMM |
| -- |
UPZ |
| -- |
VP@ |
| -- |
XY4 |
| -- |
EHH |
| -- |
UINTA |
| Description conventions |
rda |
| 049 ## - LOCAL HOLDINGS (OCLC) |
| Holding library |
UCLB |
| 050 #4 - LIBRARY OF CONGRESS CALL NUMBER |
| Classification number |
PZ7.C24263 |
| Item number |
Do 2009 |
| 082 04 - DEWEY DECIMAL CLASSIFICATION NUMBER |
| Classification number |
[Fic] |
| Edition number |
22 |
| 092 ## - LOCALLY ASSIGNED DEWEY CALL NUMBER (OCLC) |
| Classification number |
young adult fiction |
| Item number |
Carter |
| 100 1# - MAIN ENTRY--PERSONAL NAME |
| Personal name |
Carter, Ally. |
| 9 (RLIN) |
54328 |
| 245 10 - TITLE STATEMENT |
| Title |
Don't judge a girl by her cover / |
| Statement of responsibility, etc |
Ally Carter. |
| 250 ## - EDITION STATEMENT |
| Edition statement |
1st ed. |
| 260 ## - PUBLICATION, DISTRIBUTION, ETC. (IMPRINT) |
| Place of publication, distribution, etc |
New York : |
| Name of publisher, distributor, etc |
Disney/Hyperion Books, |
| Date of publication, distribution, etc |
c2009. |
| 264 ## - Production, Publication, Distribution, Manufacture, and Copyright Notice. |
| Place of production, publication, distribution, manufacture |
New York : |
| Name of producer, publisher, distributor, manufacturer |
Little, Brown & Co., |
| Date of production, publication, distribution, manufacture, or copyr |
2016 |
| 300 ## - PHYSICAL DESCRIPTION |
| Extent |
263 p. ; |
| Dimensions |
22 cm. |
| 490 ## - SERIES STATEMENT |
| Series statement |
Gallagher Girls : |
| Volume number/sequential designation |
3 |
| 520 ## - SUMMARY, ETC. |
| Summary, etc |
When Cammie Morgan arrives at her friend Macey's five-star hotel for the Democratic National Convention, where Macey's father is about to receive the vice presidential nomination, she thinks she's in for an exciting end to her summer break. But if you're a Gallagher Girl, 'exciting' and 'deadly' are never far apart. |
| 521 8# - TARGET AUDIENCE NOTE |
| Target audience note |
Ages 11 and up. |
| 650 #0 - SUBJECT ADDED ENTRY--TOPICAL TERM |
| Topical term or geographic name as entry element |
Teenage girls |
| Form subdivision |
Juvenile fiction. |
| 9 (RLIN) |
5675736 |
| 650 #0 - SUBJECT ADDED ENTRY--TOPICAL TERM |
| Topical term or geographic name as entry element |
Boarding schools |
| Form subdivision |
Juvenile fiction. |
| 9 (RLIN) |
5680819 |
| 650 #0 - SUBJECT ADDED ENTRY--TOPICAL TERM |
| Topical term or geographic name as entry element |
Spies |
| Form subdivision |
Juvenile fiction. |
| 9 (RLIN) |
5715078 |
| 650 #0 - SUBJECT ADDED ENTRY--TOPICAL TERM |
| Topical term or geographic name as entry element |
Espionage |
| Form subdivision |
Juvenile fiction. |
| 9 (RLIN) |
5758886 |
| 650 #1 - SUBJECT ADDED ENTRY--TOPICAL TERM |
| Topical term or geographic name as entry element |
Teenage girls |
| Form subdivision |
Fiction. |
| 9 (RLIN) |
5674582 |
| 650 #1 - SUBJECT ADDED ENTRY--TOPICAL TERM |
| Topical term or geographic name as entry element |
Boarding schools |
| Form subdivision |
Fiction. |
| 9 (RLIN) |
5687815 |
| 650 #1 - SUBJECT ADDED ENTRY--TOPICAL TERM |
| Topical term or geographic name as entry element |
Spies |
| Form subdivision |
Fiction. |
| 9 (RLIN) |
5674120 |
| 650 #1 - SUBJECT ADDED ENTRY--TOPICAL TERM |
| Topical term or geographic name as entry element |
Espionage |
| Form subdivision |
Fiction. |
| 9 (RLIN) |
5721270 |
| 650 #1 - SUBJECT ADDED ENTRY--TOPICAL TERM |
| Topical term or geographic name as entry element |
Morgan, Cammie (Fictitious character) |
| Form subdivision |
Fiction. |
| 9 (RLIN) |
6511022 |
| 650 #1 - SUBJECT ADDED ENTRY--TOPICAL TERM |
| Topical term or geographic name as entry element |
Fifteen-year-old girls |
| Form subdivision |
Fiction. |
| 9 (RLIN) |
6418386 |
| 650 #1 - SUBJECT ADDED ENTRY--TOPICAL TERM |
| Topical term or geographic name as entry element |
Schools |
| Form subdivision |
Fiction. |
| 9 (RLIN) |
5673727 |
| 650 #1 - SUBJECT ADDED ENTRY--TOPICAL TERM |
| Topical term or geographic name as entry element |
Humorous fiction, American. |
| 9 (RLIN) |
6199303 |
| 650 #1 - SUBJECT ADDED ENTRY--TOPICAL TERM |
| Topical term or geographic name as entry element |
Teenage boy/girl relations |
| Form subdivision |
Fiction. |
| 9 (RLIN) |
6511023 |
| 650 #1 - SUBJECT ADDED ENTRY--TOPICAL TERM |
| Topical term or geographic name as entry element |
Mothers and daughters |
| Form subdivision |
Fiction. |
| 9 (RLIN) |
5673712 |
| 655 #7 - INDEX TERM--GENRE/FORM |
| Genre/form data or focus term |
Spy stories. |
| Source of term |
gsafd |
| 9 (RLIN) |
6199300 |
| 942 ## - ADDED ENTRY ELEMENTS (KOHA) |
| Koha item type |
BOOK |
| Source of classification or shelving scheme |
Dewey Decimal Classification |